[Event "Qatar Masters Open 2014"]
[Site "Doha QAT"]
[Date "2014.12.04"]
[Round "9.6"]
[White "Safarli, Eltaj"]
[Black "Tomashevsky, Evgeny"]
[Result "1/2-1/2"]
[WhiteElo "2628"]
[BlackElo "2714"]
[PlyCount "75"]
[EventDate "2014.11.26"]
[EventType "swiss"]
[EventRounds "9"]
[EventCountry "QAT"]
[Source "lmi"]
[SourceDate "2014.11.26"]

1. e4 e5 2. Nf3 Nc6 3. Bb5 a6 4. Ba4 Nf6 5. O-O Be7 6. Re1 b5 7. Bb3 O-O 8. c3
d5 9. exd5 Nxd5 10. Nxe5 Nxe5 11. Rxe5 c6 12. d3 Bd6 13. Re1 Bf5 14. Qf3 Qh4
15. g3 Qh3 16. Bxd5 cxd5 17. Qxd5 Rad8 18. Qg2 Qxg2+ 19. Kxg2 Bxd3 20. Be3 Rfe8
21. Nd2 f6 22. f3 h5 23. Bd4 Rxe1 24. Rxe1 Bf5 25. Ne4 Bc7 26. h3 Bc8 27. g4
hxg4 28. hxg4 Kf7 29. Rh1 Kg6 30. Kf2 Bf4 31. Ng3 Be6 32. a3 Re8 33. Re1 Bf7
34. Nh5 Bc7 35. Rxe8 Bxe8 36. Ke3 Bd7 37. b4 Kf7 38. Nf4 1/2-1/2

[Event "Qatar Masters Open 2014"]
[Site "Doha QAT"]
[Date "2014.12.04"]
[Round "9.9"]
[White "Perunovic, Milos"]
[Black "Moiseenko, Alexander"]
[Result "1/2-1/2"]
[WhiteElo "2619"]
[BlackElo "2701"]
[PlyCount "38"]
[EventDate "2014.11.26"]
[EventType "swiss"]
[EventRounds "9"]
[EventCountry "QAT"]
[Source "lmi"]
[SourceDate "2014.11.26"]

1. e4 c5 2. Nf3 Nc6 3. Bb5 g6 4. Bxc6 bxc6 5. O-O Bg7 6. Re1 Nh6 7. c3 O-O 8.
d4 cxd4 9. cxd4 f6 10. h3 Nf7 11. Nc3 d6 12. b3 Qa5 13. Bb2 Ng5 14. Nd2 Nxh3+
15. gxh3 Qg5+ 16. Kh2 Qf4+ 17. Kg1 Qg5+ 18. Kh2 Qf4+ 19. Kg1 Qg5+ 1/2-1/2

[Event "Qatar Masters Open 2014"]
[Site "Doha QAT"]
[Date "2014.12.04"]
[Round "9.10"]
[White "Sjugirov, Sanan"]
[Black "Oleksienko, Mikhailo"]
[Result "1-0"]
[WhiteElo "2673"]
[BlackElo "2620"]
[PlyCount "127"]
[EventDate "2014.11.26"]
[EventType "swiss"]
[EventRounds "9"]
[EventCountry "QAT"]
[Source "lmi"]
[SourceDate "2014.11.26"]

1. d4 d5 2. c4 c6 3. Nc3 Nf6 4. e3 Bf5 5. cxd5 cxd5 6. Qb3 Bc8 7. Bd3 e6 8. f4
Be7 9. Nf3 Nc6 10. O-O O-O 11. Ne5 Bd7 12. Bd2 Rc8 13. a3 Na5 14. Qa2 Nc6 15.
Qb3 Na5 16. Qa2 Nc6 17. Rac1 Ne8 18. Nxd7 Qxd7 19. Na4 b6 20. Ba6 Rc7 21. Nc3
Nd6 22. Nb5 Nxb5 23. Bxb5 Qc8 24. Qb3 Na5 25. Qa4 Nc4 26. Bxc4 dxc4 27. Bb4 Qe8
28. Qxe8 Rxe8 29. Bxe7 Rexe7 30. Rc3 f5 31. Rfc1 b5 32. Kf2 Kf8 33. Ke2 Ke8 34.
Kd2 Rb7 35. b3 cxb3 36. Rxb3 Rb6 37. Rc8+ Kf7 38. Rc5 Reb7 39. h3 h6 40. g4 g6
41. Kd3 a6 42. e4 fxe4+ 43. Kxe4 Rd7 44. h4 Rbd6 45. Rd3 Rd5 46. Rxd5 Rxd5 47.
Rc3 h5 48. Rc7+ Kf8 49. g5 a5 50. Ra7 a4 51. Rb7 Rf5 52. Rd7 Rf7 53. Rxf7+ Kxf7
54. Kd3 Ke7 55. Kc3 Kd6 56. Kb4 Kc6 57. Ka5 Kd5 58. Kxb5 Kxd4 59. Kxa4 Ke4 60.
Kb3 Kxf4 61. a4 e5 62. Kc3 Kg3 63. a5 e4 64. Kd4 1-0

[Event "Qatar Masters Open 2014"]
[Site "Doha QAT"]
[Date "2014.12.04"]
[Round "9.11"]
[White "Volokitin, Andrei"]
[Black "Ivanisevic, Ivan"]
[Result "1/2-1/2"]
[WhiteElo "2627"]
[BlackElo "2643"]
[PlyCount "61"]
[EventDate "2014.11.26"]
[EventType "swiss"]
[EventRounds "9"]
[EventCountry "QAT"]
[Source "lmi"]
[SourceDate "2014.11.26"]

1. e4 e6 2. d4 d5 3. e5 c5 4. c3 Nc6 5. Nf3 Bd7 6. Be2 Nge7 7. O-O Ng6 8. g3
Be7 9. h4 cxd4 10. cxd4 O-O 11. Nbd2 f6 12. exf6 Bxf6 13. Nb3 Kh8 14. h5 Nge7
15. Bf4 Nf5 16. Bb5 Ncxd4 17. Nfxd4 Nxd4 18. Nxd4 e5 19. Bxd7 Qxd7 20. Be3 exd4
21. Bxd4 h6 22. Rc1 Rae8 23. Bxf6 Rxf6 24. Rc5 d4 25. Qd3 b6 26. Rc4 Qf7 27.
Rxd4 Qxh5 28. Rd8 Rff8 29. Rxe8 Rxe8 30. Rc1 Qe2 31. Qxe2 1/2-1/2

[Event "Qatar Masters Open 2014"]
[Site "Doha QAT"]
[Date "2014.12.04"]
[Round "9.14"]
[White "Jobava, Baadur"]
[Black "Anton Guijarro, David"]
[Result "1-0"]
[WhiteElo "2722"]
[BlackElo "2607"]
[PlyCount "157"]
[EventDate "2014.11.26"]
[EventType "swiss"]
[EventRounds "9"]
[EventCountry "QAT"]
[Source "lmi"]
[SourceDate "2014.11.26"]

1. e4 e5 2. Nf3 Nc6 3. Bc4 Bc5 4. c3 Nf6 5. d4 exd4 6. e5 d5 7. Be2 Ne4 8. cxd4
Bb6 9. Nc3 O-O 10. O-O Bf5 11. Na4 f6 12. Be3 Qe7 13. exf6 Rxf6 14. Rc1 Raf8
15. Nxb6 axb6 16. Ne5 h6 17. f4 Nd6 18. Bf2 Be4 19. Bh4 g5 20. fxg5 Rxf1+ 21.
Bxf1 Nxe5 22. dxe5 Nf5 23. Bf2 hxg5 24. Qd2 c5 25. b4 c4 26. Bxb6 Qxe5 27.
Qxg5+ Kf7 28. Be2 Ke6 29. Bc5 Qf6 30. Qg4 Qb2 31. Rf1 Rf7 32. Bxc4 Qxg2+ 33.
Qxg2 Bxg2 34. Re1+ Kf6 35. Bd3 Bh3 36. Kf2 Rh7 37. Bd4+ Kg5 38. Rg1+ Kf4 39.
Bb2 Rf7 40. Re1 Kg4 41. Rg1+ Kf4 42. a4 Nd6 43. Rg7 Ne4+ 44. Ke2 Rf8 45. Bd4
Bg4+ 46. Ke1 Nd6 47. Bc5 Re8+ 48. Kd2 Ne4+ 49. Bxe4 dxe4 50. Rf7+ Ke5 51. Rxb7
Rd8+ 52. Ke1 Bf3 53. Be3 Rd3 54. Rb5+ Ke6 55. Bf4 Ra3 56. a5 Kf6 57. Kd2 Rd3+
58. Kc2 Bd1+ 59. Kc1 Be2 60. Re5 Rd1+ 61. Kc2 Rd7 62. Rc5 Bd1+ 63. Kb2 Rd3 64.
Rc3 Rd4 65. a6 Rxb4+ 66. Kc1 Bf3 67. Rc6+ Kf7 68. Be3 Bg4 69. a7 Ra4 70. Rd6
Ke7 71. Rd4 Ra6 72. Rxe4+ Be6 73. h4 Kf7 74. Re5 Rc6+ 75. Kb2 Rc8 76. h5 Ke7
77. h6 Kd6 78. Bf4 Kd7 79. Rxe6 1-0

[Event "Qatar Masters Open 2014"]
[Site "Doha QAT"]
[Date "2014.12.04"]
[Round "9.15"]
[White "Grandelius, Nils"]
[Black "Melkumyan, Hrant"]
[Result "1/2-1/2"]
[WhiteElo "2573"]
[BlackElo "2678"]
[PlyCount "114"]
[EventDate "2014.11.26"]
[EventType "swiss"]
[EventRounds "9"]
[EventCountry "QAT"]
[Source "lmi"]
[SourceDate "2014.11.26"]

1. d4 Nf6 2. c4 e6 3. Nc3 Bb4 4. Qc2 d5 5. cxd5 Qxd5 6. Nf3 Qf5 7. Qb3 Nc6 8.
Bd2 Bd6 9. h3 Qg6 10. g4 Ne4 11. Be3 Nxc3 12. bxc3 O-O 13. Bg2 Bd7 14. Qb1 Na5
15. Qxg6 hxg6 16. Nd2 f5 17. Bg5 e5 18. Nb3 Nxb3 19. axb3 c6 20. gxf5 gxf5 21.
O-O-O Rf7 22. Kb2 a5 23. dxe5 Bxe5 24. Bf3 Be6 25. Rd3 a4 26. bxa4 Rxa4 27. Ra1
Rxa1 28. Kxa1 Rf8 29. Kb2 Kf7 30. Rd8 Rxd8 31. Bxd8 Bf6 32. Bb6 g5 33. Kc2 Bc4
34. Kd2 Ke6 35. Bg2 Kd6 36. Bf3 Bg7 37. Kc2 Bh6 38. Be3 b5 39. h4 f4 40. hxg5
Bxg5 41. Bd2 Bd5 42. Bxd5 Kxd5 43. Kd3 c5 44. e3 c4+ 45. Kc2 fxe3 46. fxe3 Ke4
47. Be1 Kf3 48. e4 Bf6 49. Bd2 Kxe4 50. Bh6 Be7 51. Bg7 Kd5 52. Bh6 Kc6 53. Bg7
Kb6 54. Bd4+ Ka5 55. Kb2 Ka4 56. Be5 b4 57. cxb4 Bxb4 1/2-1/2

[Event "Qatar Masters Open 2014"]
[Site "Doha QAT"]
[Date "2014.12.04"]
[Round "9.16"]
[White "Movsesian, Sergei"]
[Black "Jussupow, Artur"]
[Result "1-0"]
[WhiteElo "2659"]
[BlackElo "2581"]
[PlyCount "211"]
[EventDate "2014.11.26"]
[EventType "swiss"]
[EventRounds "9"]
[EventCountry "QAT"]
[Source "lmi"]
[SourceDate "2014.11.26"]

1. e4 e6 2. d4 d5 3. Nd2 dxe4 4. Nxe4 Nd7 5. Nf3 Ngf6 6. Nxf6+ Nxf6 7. Bd3 c5
8. O-O cxd4 9. Nxd4 Bc5 10. Nf3 O-O 11. Qe2 b6 12. Bg5 Bb7 13. Rad1 Qc7 14. Ne5
Rfd8 15. Rfe1 Rd5 16. Bf4 Rad8 17. Bg3 Qc8 18. a3 a5 19. c3 h6 20. h3 Bd6 21.
c4 Rc5 22. Qe3 Ba8 23. Kh1 Qb7 24. f3 Rcc8 25. Bh4 Bc5 26. Qe2 Qc7 27. Bb1 Rxd1
28. Qxd1 Be7 29. Bg3 Rd8 30. Qc2 Bb7 31. Bh2 Bd6 32. Rd1 Kf8 33. Rxd6 Rxd6 34.
c5 Qxc5 35. Qxc5 bxc5 36. Ng6+ fxg6 37. Bxd6+ Kf7 38. Bxc5 a4 39. Bc2 Bc6 40.
Bd4 g5 41. Kg1 Nh5 42. b3 Nf4 43. Be5 axb3 44. Bxb3 Nd3 45. Bc3 Bb5 46. a4 Ba6
47. Kh2 h5 48. a5 Bb5 49. Bd4 h4 50. Kh1 Nf4 51. Be5 Nd3 52. Bc3 Nf4 53. Kh2
Nd3 54. Bc2 e5 55. Bb3+ Kf6 56. Bd2 Nf4 57. Be3 Nd3 58. Bd5 Ba6 59. Bb6 Kf5 60.
g3 hxg3+ 61. Kxg3 Kg6 62. Bc7 Kh6 63. Be4 Kh5 64. Bc6 g6 65. Bd6 Kh6 66. Bd7
Kg7 67. Be7 Kh6 68. Bf6 Nc5 69. Bc6 Nb3 70. Bd8 Nd4 71. Bd5 Ne2+ 72. Kh2 Nf4
73. Be4 Ne6 74. Be7 Kg7 75. Bd5 Nf4 76. Bb3 Kh6 77. Bf6 Nd3 78. Bf7 Bb5 79. Kg3
Ba6 80. Be8 Bc4 81. Bc6 Ba6 82. Ba8 Bc8 83. Be4 Ba6 84. Be7 Nf4 85. Bf8+ Kh7
86. Bc6 Ne6 87. Bb4 Kg7 88. Bd7 Kf6 89. Kf2 Nf4 90. Bd6 Nd5 91. Ke1 Ne3 92. Bc5
Nc4 93. Bb4 Kf7 94. Kd1 Ne3+ 95. Kd2 Nd5 96. Bc5 Nf6 97. Ba4 Nh5 98. Be3 Nf4
99. Bxf4 gxf4 100. Bc2 g5 101. Bd3 Bb7 102. Ke2 Bc8 103. a6 e4 104. fxe4 Kf6
105. Bc4 Ke5 106. a7 1-0

[Event "Qatar Masters Open 2014"]
[Site "Doha QAT"]
[Date "2014.12.04"]
[Round "9.17"]
[White "Vovk, Andrey"]
[Black "Lenderman, Aleksandr"]
[Result "1-0"]
[WhiteElo "2640"]
[BlackElo "2598"]
[PlyCount "39"]
[EventDate "2014.11.26"]
[EventType "swiss"]
[EventRounds "9"]
[EventCountry "QAT"]
[Source "lmi"]
[SourceDate "2014.11.26"]

1. e4 e6 2. d4 d5 3. Nd2 c5 4. Ngf3 cxd4 5. Nxd4 Nc6 6. Bb5 Bd7 7. Nxc6 bxc6 8.
Bd3 Bd6 9. Qe2 Qc7 10. Nf3 dxe4 11. Qxe4 Nf6 12. Qh4 Rb8 13. O-O h6 14. b3 Ke7
15. Bb2 c5 16. Rfe1 g5 17. Qh3 e5 18. Bf5 g4 19. Nxe5 Bxf5 20. Qh4 1-0

[Event "Qatar Masters Open 2014"]
[Site "Doha QAT"]
[Date "2014.12.04"]
[Round "9.18"]
[White "Rakhmanov, Aleksandr"]
[Black "Khotenashvili, Bela"]
[Result "1/2-1/2"]
[WhiteElo "2636"]
[BlackElo "2504"]
[PlyCount "124"]
[EventDate "2014.11.26"]
[EventType "swiss"]
[EventRounds "9"]
[EventCountry "QAT"]
[Source "lmi"]
[SourceDate "2014.11.26"]

1. c4 e6 2. e4 d5 3. exd5 exd5 4. d4 Nf6 5. Nc3 Bb4 6. Bd3 Nc6 7. Nge2 O-O 8.
O-O dxc4 9. Bxc4 Bf5 10. a3 Bd6 11. f3 h6 12. Be3 Re8 13. Qd2 Na5 14. Ba2 c5
15. Bf2 c4 16. Rfe1 b6 17. Ng3 Bd3 18. Rxe8+ Qxe8 19. Re1 Qd7 20. Nge4 Be7 21.
Qf4 Rd8 22. Rd1 Nc6 23. Nxf6+ Bxf6 24. d5 Na5 25. Bd4 Qd6 26. Qe3 Bxd4 27. Qxd4
Nc6 28. Qf2 Ne7 29. Bb1 Bxb1 30. Nxb1 Ng6 31. Nc3 Nf4 32. Qd4 Qc5 33. Qxc5 bxc5
34. Re1 Kf8 35. Re4 Nxd5 36. Rxc4 Nxc3 37. Rxc3 Rd1+ 38. Kf2 Rd2+ 39. Kg3 Rxb2
40. Rxc5 Rb7 41. h4 g6 42. h5 Rb6 43. a4 gxh5 44. Ra5 Kg7 45. Rxh5 Kg6 46. Ra5
a6 47. Rc5 f6 48. a5 Rd6 49. Kh4 Rd4+ 50. g4 Ra4 51. Rc6 h5 52. Rxa6 hxg4 53.
fxg4 Ra3 54. Ra8 Kh6 55. Ra7 Kg6 56. Ra6 Ra4 57. Ra8 Ra3 58. a6 Kh6 59. Rf8
Rxa6 60. Rxf6+ Rxf6 61. g5+ Kg6 62. gxf6 Kxf6 1/2-1/2

[Event "Qatar Masters Open 2014"]
[Site "Doha QAT"]
[Date "2014.12.04"]
[Round "9.19"]
[White "Cornette, Matthieu"]
[Black "Romanov, Evgeny"]
[Result "1/2-1/2"]
[WhiteElo "2566"]
[BlackElo "2636"]
[PlyCount "63"]
[EventDate "2014.11.26"]
[EventType "swiss"]
[EventRounds "9"]
[EventCountry "QAT"]
[Source "lmi"]
[SourceDate "2014.11.26"]

1. d4 Nf6 2. c4 e6 3. g3 Bb4+ 4. Bd2 a5 5. Bg2 d6 6. Nf3 Nbd7 7. O-O e5 8. Be3
exd4 9. Bxd4 O-O 10. a3 Bc5 11. Nc3 Bxd4 12. Nxd4 Nb6 13. b3 a4 14. Nxa4 Nxa4
15. bxa4 Nd7 16. Rb1 Nc5 17. Rb4 c6 18. Qc2 Qc7 19. Rd1 Ra7 20. e3 Bg4 21. Bf3
Bd7 22. Ne2 Be6 23. Rd4 Nd7 24. Be4 h6 25. Rd1 Nc5 26. Nc3 Qe7 27. Qe2 Qf6 28.
Rd4 Nd7 29. Rb3 Nc5 30. Rb4 Nd7 31. Rb3 Nc5 32. Rb4 1/2-1/2

[Event "Qatar Masters Open 2014"]
[Site "Doha QAT"]
[Date "2014.12.04"]
[Round "9.22"]
[White "Sargissian, Gabriel"]
[Black "Guseinov, Gadir"]
[Result "1/2-1/2"]
[WhiteElo "2687"]
[BlackElo "2592"]
[PlyCount "65"]
[EventDate "2014.11.26"]
[EventType "swiss"]
[EventRounds "9"]
[EventCountry "QAT"]
[Source "lmi"]
[SourceDate "2014.11.26"]

1. d4 Nf6 2. c4 g6 3. Nc3 Bg7 4. e4 d6 5. Nf3 O-O 6. Be2 c5 7. d5 e6 8. O-O Re8
9. Bf4 exd5 10. exd5 Ne4 11. Nxe4 Rxe4 12. Qd2 Qf6 13. Bg3 Bg4 14. Bd3 Re8 15.
Bh4 Qxb2 16. Qxb2 Bxb2 17. Rab1 Bg7 18. Rxb7 Nd7 19. h3 Bxf3 20. Rxd7 Be4 21.
Rd1 Bf8 22. Bg3 Bxd3 23. Rxd3 Re1+ 24. Kh2 Rc1 25. Bxd6 Bxd6+ 26. Rxd6 Rxc4 27.
Rc6 Rc2 28. d6 Rd8 29. a4 Rxf2 30. Rxc5 Rf6 31. Rc6 a5 32. Ra6 h5 33. Rxa5
1/2-1/2

[Event "Qatar Masters Open 2014"]
[Site "Doha QAT"]
[Date "2014.12.04"]
[Round "9.23"]
[White "Hovhannisyan, Robert"]
[Black "Cheparinov, Ivan"]
[Result "0-1"]
[WhiteElo "2591"]
[BlackElo "2684"]
[PlyCount "144"]
[EventDate "2014.11.26"]
[EventType "swiss"]
[EventRounds "9"]
[EventCountry "QAT"]
[Source "lmi"]
[SourceDate "2014.11.26"]

1. e4 c5 2. Nf3 d6 3. d4 cxd4 4. Nxd4 Nf6 5. Nc3 a6 6. h3 e6 7. g4 Be7 8. Bg2
Nfd7 9. Be3 Nc6 10. Qe2 Nxd4 11. Bxd4 O-O 12. O-O-O Qc7 13. f4 Rb8 14. Ba7 Ra8
15. Bd4 Rb8 16. h4 b5 17. a3 b4 18. axb4 Rxb4 19. g5 Bb7 20. f5 e5 21. Bf2 Rb8
22. Be1 Qb6 23. b3 Nc5 24. f6 Bd8 25. g6 Bxf6 26. gxf7+ Kf8 27. Rf1 Rxb3 28.
Rxf6 gxf6 29. Qg4 Rb1+ 30. Nxb1 Qxb1+ 31. Kxb1 Bc8+ 32. Kc1 Bxg4 33. Rxd6 Kxf7
34. Bf2 Rc8 35. Kd2 Ne6 36. Bf1 a5 37. Ba6 Rd8 38. Rxd8 Nxd8 39. Bb6 Nc6 40. c3
a4 41. Bb5 a3 42. Kc2 Bd7 43. Bc4+ Be6 44. Bb5 Ne7 45. c4 f5 46. Kb3 fxe4 47.
Kxa3 Nf5 48. Kb4 Nxh4 49. Bc6 Bf5 50. Bd5+ Ke7 51. c5 Ng6 52. c6 Nf4 53. Bc4 h5
54. Bc5+ Kf6 55. Bg1 h4 56. Kc3 Nh3 57. Bh2 Ng5 58. Be2 Nf3 59. Bxf3 exf3 60.
Kd2 e4 61. Ke3 Ke6 62. c7 Kd5 63. Bg1 h3 64. Bh2 Bc8 65. Bg3 Kc4 66. Be5 Kb3
67. Bh2 Kc2 68. Bf4 Kd1 69. Bg3 Bb7 70. Kf2 Kd2 71. Bf4+ Kd3 72. Kg3 Ke2 0-1

[Event "Qatar Masters Open 2014"]
[Site "Doha QAT"]
[Date "2014.12.04"]
[Round "9.24"]
[White "Danielian, Elina"]
[Black "Berkes, Ferenc"]
[Result "0-1"]
[WhiteElo "2487"]
[BlackElo "2669"]
[PlyCount "86"]
[EventDate "2014.11.26"]
[EventType "swiss"]
[EventRounds "9"]
[EventCountry "QAT"]
[Source "lmi"]
[SourceDate "2014.11.26"]

1. d4 Nf6 2. c4 g6 3. Nc3 d5 4. Nf3 Bg7 5. Bf4 O-O 6. e3 c5 7. dxc5 Qa5 8. Rc1
dxc4 9. Bxc4 Qxc5 10. Bb3 Nc6 11. O-O Qa5 12. h3 Bf5 13. Qe2 Ne4 14. Nd5 e5 15.
Bh2 Be6 16. Rfd1 Rad8 17. Qc4 Nf6 18. e4 Nd7 19. Qa4 Qxa4 20. Bxa4 Ndb8 21. Ng5
Bd7 22. b4 Nd4 23. Bxd7 Rxd7 24. Kf1 f5 25. Rc7 Rxc7 26. Nxc7 f4 27. Nge6 Nxe6
28. Nxe6 Re8 29. Rd8 Rxd8 30. Nxd8 b6 31. b5 Bf6 32. Ne6 Kf7 33. Nc7 Be7 34. g3
f3 35. g4 Nd7 36. Nd5 Bc5 37. Bg3 Ke6 38. g5 Bd4 39. Nb4 Nc5 40. Nc6 Nxe4 41.
Bh2 Kd5 42. Nxa7 Bxf2 43. Nc6 Bh4 0-1

[Event "Qatar Masters Open 2014"]
[Site "Doha QAT"]
[Date "2014.12.04"]
[Round "9.25"]
[White "Gabuzyan, Hovhannes"]
[Black "Bartel, Mateusz"]
[Result "1-0"]
[WhiteElo "2565"]
[BlackElo "2662"]
[PlyCount "103"]
[EventDate "2014.11.26"]
[EventType "swiss"]
[EventRounds "9"]
[EventCountry "QAT"]
[Source "lmi"]
[SourceDate "2014.11.26"]

1. Nf3 f5 2. d3 Nc6 3. d4 e6 4. c4 Nf6 5. g3 Be7 6. Bg2 O-O 7. Nc3 Ne4 8. O-O
Bf6 9. Nxe4 fxe4 10. Ne5 d5 11. Bf4 Nxe5 12. dxe5 Be7 13. cxd5 exd5 14. Qb3 c6
15. Bxe4 Qb6 16. Bg2 Qxb3 17. axb3 Bg4 18. f3 Bc5+ 19. Kh1 Be6 20. Bd2 Bd4 21.
Bc3 Be3 22. Rfd1 g5 23. b4 a6 24. Bd4 Bxd4 25. Rxd4 Kf7 26. Kg1 Ke7 27. e3 Rad8
28. Kf2 h5 29. h4 Rf5 30. hxg5 Rxg5 31. f4 Rg7 32. Rh1 Rdg8 33. Rxh5 Rxg3 34.
Rh7+ Kd8 35. Bf3 Kc8 36. Rh6 Bf5 37. Rf6 Bh3 38. Rf8+ Kc7 39. Rxg8 Rxg8 40. e4
dxe4 41. Bxe4 Rf8 42. Kg3 Bd7 43. Rd6 b6 44. Rg6 a5 45. Rg7 Kd8 46. bxa5 bxa5
47. Bh7 c5 48. Kf3 a4 49. Bg8 Rf5 50. Ke4 Rh5 51. Kd5 Rh2 52. Ke4 1-0

[Event "Qatar Masters Open 2014"]
[Site "Doha QAT"]
[Date "2014.12.04"]
[Round "9.27"]
[White "Mamedov, Rauf"]
[Black "Gopal, G.N."]
[Result "1-0"]
[WhiteElo "2652"]
[BlackElo "2580"]
[PlyCount "97"]
[EventDate "2014.11.26"]
[EventType "swiss"]
[EventRounds "9"]
[EventCountry "QAT"]
[Source "lmi"]
[SourceDate "2014.11.26"]

1. e4 c5 2. Nf3 e6 3. c3 Nf6 4. e5 Nd5 5. Bc4 d6 6. d4 cxd4 7. cxd4 Be7 8. O-O
O-O 9. Qe2 b6 10. Rd1 Nc6 11. Nc3 Nxc3 12. bxc3 Qc7 13. Bd3 dxe5 14. dxe5 Bb7
15. Qe4 g6 16. Bh6 Rfd8 17. Qf4 Rd5 18. Be4 Rc5 19. Rd3 Rd8 20. Rxd8+ Nxd8 21.
Bxb7 Nxb7 22. Rd1 Nd8 23. h3 b5 24. Bg5 Nc6 25. Bxe7 Qxe7 26. Rd3 Kg7 27. Qe3
b4 28. cxb4 Nxb4 29. Rd6 Rc7 30. h4 Nd5 31. Qd4 h6 32. Kh2 Rc2 33. Ra6 Rc7 34.
a4 Rb7 35. Rd6 Kh7 36. a5 Qc7 37. h5 gxh5 38. Qh4 Qxa5 39. Ng5+ Kg7 40. Qg3 Kh8
41. Qf3 Kg7 42. Qg3 Kh8 43. Qf3 Kg7 44. Ne4 Kh7 45. Rxd5 exd5 46. Nf6+ Kg6 47.
Qxh5+ Kg7 48. Qg4+ Kf8 49. Qg8+ 1-0

[Event "Qatar Masters Open 2014"]
[Site "Doha QAT"]
[Date "2014.12.04"]
[Round "9.28"]
[White "Belyakov, Bogdan"]
[Black "Gupta, Abhijeet"]
[Result "1/2-1/2"]
[WhiteElo "2456"]
[BlackElo "2632"]
[PlyCount "112"]
[EventDate "2014.11.26"]
[EventType "swiss"]
[EventRounds "9"]
[EventCountry "QAT"]
[Source "lmi"]
[SourceDate "2014.11.26"]

1. e4 c5 2. c3 d5 3. exd5 Qxd5 4. d4 g6 5. Nf3 Bg7 6. dxc5 Qxc5 7. Be3 Qa5 8.
Nbd2 Nf6 9. Nc4 Qc7 10. Qa4+ Bd7 11. Qa5 Qxa5 12. Nxa5 b6 13. Nc4 O-O 14. Be2
Nd5 15. Bd2 Nc6 16. O-O Rad8 17. Rfd1 Bc8 18. a4 e5 19. a5 e4 20. Ne1 b5 21.
Ne3 Nc7 22. f3 Bh6 23. Nf1 Bxd2 24. Rxd2 Rxd2 25. Nxd2 Rd8 26. Nxe4 f5 27. Nc5
Rd2 28. Bf1 Rxb2 29. Rd1 Kf7 30. Ned3 Rc2 31. Nb4 Rxc3 32. Nxc6 Rxc5 33. Nxa7
Be6 34. a6 b4 35. Rd6 Rc1 36. Rc6 Rxc6 37. Nxc6 b3 38. Nd8+ Ke7 39. Nxe6 b2 40.
Bd3 Kxe6 41. a7 Kd6 42. Kf2 Kc6 43. Ke3 Kb7 44. g4 fxg4 45. fxg4 Kxa7 46. Kd2
Kb6 47. h4 Nd5 48. h5 g5 49. Bxh7 Nf6 50. Bg6 Nxg4 51. Kc2 Nf6 52. h6 g4 53. h7
Nxh7 54. Bxh7 g3 55. Be4 g2 56. Bxg2 b1=B+ 1/2-1/2

[Event "Qatar Masters Open 2014"]
[Site "Doha QAT"]
[Date "2014.12.04"]
[Round "9.30"]
[White "L'Ami, Erwin"]
[Black "Gao, Rui"]
[Result "1/2-1/2"]
[WhiteElo "2618"]
[BlackElo "2523"]
[PlyCount "93"]
[EventDate "2014.11.26"]
[EventType "swiss"]
[EventRounds "9"]
[EventCountry "QAT"]
[Source "lmi"]
[SourceDate "2014.11.26"]

1. Nf3 Nf6 2. c4 g6 3. Nc3 d5 4. cxd5 Nxd5 5. e4 Nxc3 6. dxc3 Qxd1+ 7. Kxd1 f6
8. h4 e5 9. h5 g5 10. Be3 Nd7 11. Nd2 Bc5 12. Nc4 c6 13. f3 Bxe3 14. Nxe3 Nb6
15. Kc2 Be6 16. g3 Ke7 17. b3 Rad8 18. Bh3 Bxh3 19. Rxh3 Ke6 20. Rh2 Nc8 21.
Rd1 Rxd1 22. Kxd1 Rd8+ 23. Rd2 Rxd2+ 24. Kxd2 Nd6 25. Kd3 Ne8 26. b4 Ng7 27. h6
Ne8 28. c4 Nd6 29. c5 Nf7 30. Nf5 Kd7 31. a4 a6 32. Kc4 g4 33. fxg4 Ng5 34. Kd3
Ne6 35. a5 Nd8 36. Nd6 Ke6 37. Ke2 Nf7 38. Nxb7 Kd7 39. Kf3 Ng5+ 40. Ke3 Nf7
41. Kd3 Kc7 42. Nd6 Nxd6 43. cxd6+ Kd7 44. Kc3 Ke6 45. Kb3 Kd7 46. Kc3 Ke6 47.
Kd3 1/2-1/2

[Event "Qatar Masters Open 2014"]
[Site "Doha QAT"]
[Date "2014.12.04"]
[Round "9.31"]
[White "Hamdouchi, Hicham"]
[Black "Zhukova, Natalia"]
[Result "1-0"]
[WhiteElo "2616"]
[BlackElo "2470"]
[PlyCount "93"]
[EventDate "2014.11.26"]
[EventType "swiss"]
[EventRounds "9"]
[EventCountry "QAT"]
[Source "lmi"]
[SourceDate "2014.11.26"]

1. e4 e5 2. Nf3 Nc6 3. Nc3 Nf6 4. d4 Bb4 5. Nxe5 O-O 6. Qd3 Re8 7. Bd2 d5 8.
Nxc6 bxc6 9. e5 c5 10. O-O-O Ng4 11. Be1 Qg5+ 12. Kb1 Rb8 13. f4 Qd8 14. h3 Nh6
15. g4 cxd4 16. Nb5 Bxe1 17. Nxd4 Qh4 18. Nf3 Qg3 19. Rxe1 Qxf4 20. Bg2 Be6 21.
Qd4 Qxd4 22. Nxd4 c5 23. Ne2 d4 24. Nf4 a5 25. Bf1 Rb6 26. b3 a4 27. Nxe6 fxe6
28. Kb2 Nf7 29. c3 axb3 30. axb3 Nd8 31. cxd4 cxd4 32. Rc1 Nb7 33. Bc4 Rb8 34.
Ra1 Nc5 35. Ra3 Rb4 36. Rc1 Rf8 37. Ra5 Ne4 38. Bxe6+ Kh8 39. Rc4 Rf2+ 40. Ka3
Rb8 41. Rb4 Rbf8 42. Rxd4 Nc3 43. Kb4 Ne2 44. Rd2 R2f4+ 45. Bc4 Nd4 46. Kc3 Nf3
47. Rf2 1-0

[Event "Qatar Masters Open 2014"]
[Site "Doha QAT"]
[Date "2014.12.04"]
[Round "9.32"]
[White "Van Kampen, Robin"]
[Black "Al-Sayed, Mohammed"]
[Result "1/2-1/2"]
[WhiteElo "2612"]
[BlackElo "2507"]
[PlyCount "64"]
[EventDate "2014.11.26"]
[EventType "swiss"]
[EventRounds "9"]
[EventCountry "QAT"]
[Source "lmi"]
[SourceDate "2014.11.26"]

1. e4 c5 2. Nf3 d6 3. d4 cxd4 4. Nxd4 Nf6 5. Nc3 a6 6. h3 e6 7. g4 Nfd7 8. g5
b5 9. a3 Bb7 10. h4 Nb6 11. h5 Qc7 12. Rh3 Nc6 13. g6 hxg6 14. hxg6 Rxh3 15.
Bxh3 Nxd4 16. Qxd4 Nc4 17. gxf7+ Qxf7 18. b3 Ne5 19. Bg2 Nf3+ 20. Bxf3 Qxf3 21.
Qe3 Qh1+ 22. Ke2 Qh5+ 23. f3 Qh2+ 24. Kd3 O-O-O 25. Qf4 Qg2 26. Ne2 d5 27. e5
d4 28. Qg4 Qxf3+ 29. Qxf3 Bxf3 30. Nxd4 Bc5 31. Be3 g5 32. c4 bxc4+ 1/2-1/2

[Event "Qatar Masters Open 2014"]
[Site "Doha QAT"]
[Date "2014.12.04"]
[Round "9.33"]
[White "Saric, Ivan"]
[Black "Gomez, John Paul"]
[Result "1-0"]
[WhiteElo "2680"]
[BlackElo "2510"]
[PlyCount "123"]
[EventDate "2014.11.26"]
[EventType "swiss"]
[EventRounds "9"]
[EventCountry "QAT"]
[Source "lmi"]
[SourceDate "2014.11.26"]

1. e4 e5 2. Nf3 Nc6 3. Bc4 Bc5 4. O-O Nf6 5. d3 O-O 6. h3 h6 7. Re1 d6 8. c3 a6
9. Nbd2 Na5 10. b4 Nxc4 11. bxc5 Nxd2 12. Qxd2 Nh5 13. d4 Qf6 14. Qd3 a5 15.
cxd6 cxd6 16. Rb1 Ra6 17. Rb5 Re8 18. dxe5 dxe5 19. Rxe5 Rxe5 20. Nxe5 Qxe5 21.
Qd8+ Kh7 22. Qxc8 Rc6 23. Qd7 Qxc3 24. Rd1 Qc4 25. Qf5+ g6 26. Qd5 Qxd5 27.
exd5 Rd6 28. Ba3 Rd7 29. d6 b5 30. Bb2 g5 31. g3 b4 32. Kg2 Ng7 33. Rd5 a4 34.
Rd4 b3 35. a3 Ne6 36. Rxa4 Rxd6 37. Rb4 Nc5 38. Rb5 Rd2 39. Bc1 Rc2 40. Be3 b2
41. Bxc5 Rxc5 42. Rxb2 Ra5 43. Ra2 Kg6 44. Kf3 Kf5 45. g4+ Ke5 46. a4 f5 47.
Ke3 fxg4 48. hxg4 Ra6 49. a5 Kd5 50. f4 gxf4+ 51. Kxf4 Kd6 52. Kf5 Kc7 53. Rc2+
Kb7 54. Rc5 Ka7 55. Rb5 Ka8 56. Rb6 Rxa5+ 57. Kf4 h5 58. g5 h4 59. g6 Ra1 60.
Rb3 Ka7 61. Kg5 Rg1+ 62. Kh6 1-0